000 00781nam a22002297a 4500
005 20170124105958.0
010 _aB-209622
020 _c50.00
_a8123740603
035 _aB-209622
037 _bCen Lib/Ret
040 _aDPL
_bEN
082 _a355.4
_bGOP
100 _aGopalakrishnan, K.V.
_914990
245 _aImpact of science and technology on warfare /
_cby K.V.Gopalakrishnan:illustrated by Narendra Tyagi
260 _aNew Delhi
_bNational book Trust
_c2003
270 _bNew Delhi
_aA-5, Green park
_e110016
300 _axiii,146p. :
_c20cm(pbk)
_bill.
650 _aMilitary art and science.
_991047
650 _aMilitary art and science -- Technological innovations.
_914992
700 _aTyagi, Narendra
_914993
942 _2ddc
_cEN
_h355.4
_mGOP
999 _c125630
_d125630